| 000 | 00650nam a2200145 a 4500 | ||
|---|---|---|---|
| 008 | 120416s1954 ||||||||||||||||| || u | ||
| 050 | _aDS 463 Mas | ||
| 100 | _aMason, Philip | ||
| 245 | 1 | 4 | _aThe Men who ruled India |
| 260 |
_aLondon: _bJonathan Cape _c1954 |
||
| 300 | _a2 vols. : ill. | ||
| 350 | _a0.00 | ||
| 995 |
_aANNEX COLLECTION (Main Library) _D0.00 _e709809 _FCBU-MAIN LIBRARY (Kitwe) _H1 _I0.00 _jDS 463 Mas _M1 _UAVAILABLE _WJul 21, 2006 _y000860 _ZAnnex Low-Usage Collection |
||
| 995 |
_aANNEX COLLECTION (Main Library) _D0.00 _e709808 _FCBU-MAIN LIBRARY (Kitwe) _H2 _I0.00 _jDS 463 Mas _M2 _UAVAILABLE _WJul 21, 2006 _y000861 _ZAnnex Low-Usage Collection |
||
| 999 |
_c82866 _d82866 |
||